02105agaaa2200301 45000010005000000030009000050050017000140070009000310080040000400400023000800410013001031000048001161300016001642450163001802500022003432600129003653000034004945080179005285110092007075200669007995380016014685460013014846500066014977000060015637000056016237000061016797000063017409487IT-RoPAU20220918181230.0d cvaizq50131s9999||||xx ||| | || ||und|| aIT-RoPAUcIT-RoPAU aITALIANO aEastwood ClintgCodice regista SPICS: 45075 aGRAN TORINO aGRAN TORINOcProdotto da: Eastwood C. Gerber B -- Sceneggiatura: Schenk Nick -- Diretto da: Eastwood ClintpGRAN TORINO (Rif. Codice opera principale : H9487) aEdizione Standard a(USA)bWARNER BROS - VILLAGE ROADSHOW PICTURES - D / Distribuzione: RICORDIg"2008 (1° ed.: 2010 ; Ed. Lingua Orig.: 2008)" aDVDbsonoro, col.c112 minuti a"Fotografia: Stern Tom; Montaggio: Cox J. Roach G.; Musica: Eastwood Kyle; Sceneggiatura: Schenk Nick; Scenografia: Murakami James J.; Soggetto: Joannson Dave -- Schenk Nick" a"Eastwood Clint; Carley Christopher; Van Bee; Her Ahney; Haley Brian; Hughes Geraldine" a"VETERANO DELLA GUERRA IN COREA E OPERAIO IN PENSIONE DI UNA FABBRICA DI AUTOMOBILI, WALT KOWALSKI E' UNO A CUI NON PIACE MOLTO IL MODO IN CUI LA SUA BVITA E IL SUO QUARTIERE SI SONO TRASFORMATI. SOPRATTUTTO NON GLI PIACCIONOI SUOI VICINI, IMMIGRATI HMONG DAL SUD-EST ASIATICO. MA GLI EVENTI COSTRINGERANNO WALT A DIFENDERE PROPRIO QUEI VICINI DALLA LOCALE GANG CHE SEMINA VIOLENZA E PAURA. CONTENUTI SPECIALI MANNING THE WHEEL, CONCETTO DI MASCOLINITA' NELLA CULTURA AMERICANA DELL'AUTOMOBILE; UNA VISITA A DETROIT E ALLA WOODWARD DREAM CRUISE CON APPASSIONATI CHE DESCRIVONO IL LEGAME SPECIALE CHEUNISCE L'UOMO ALLE AUTOMOBILI, RAZZISMO, AMICIZIA, INTEGRAZIONE." aPAL, STEREO aITALIANO aDRAMMA - THRILLEReDVD-FILM [DVD]xCodice MATERIA SPICS: 9947 aEastwood Clint e(regista)gCodice regista SPICS: 45075 aEastwood Kylee(musica)gCodice Musica SPICS: 59798 aJoannson Dave e(soggetto)gCodice Soggetto SPICS: 59796 aSchenk Nick e(soggetto)gCodice Soggetto 2° SPICS: 59797